000 00285nam a2200097Ia 4500
001 1228211
005 20250827093038.0
008 250824s9999 xx 000 0 und d
245 0 _aMİDOS KARTALININ GÖZLERİ
_cGÜLTEN DAYIOĞLU
260 _bALTIN KİTAPLAR YAYINLARI
999 _c1228211
_d1228211